[Event "Borsod-chT2 1415"]
[Site "Hungary"]
[Date "2014.11.09"]
[Round "3.3"]
[White "Vanczak, Tamas"]
[Black "Repassy, Attila"]
[Result "1-0"]
[WhiteElo "1839"]
[BlackElo "1940"]
[PlyCount "47"]
[EventDate "2014.09.28"]
[EventType "team-tourn"]
[EventRounds "7"]
[EventCountry "HUN"]
[SourceTitle "EXT 2016"]
[Source "ChessBase"]
[SourceDate "2015.10.08"]
[SourceVersion "1"]
[SourceVersionDate "2015.10.08"]
[SourceQuality "1"]
[WhiteTeam "Miskolc KisBocsok III"]
[BlackTeam "Hidasnemeti"]
[WhiteTeamCountry "HUN"]
[BlackTeamCountry "HUN"]

1. e4 c5 2. Nf3 Nc6 3. b4 Nxb4 4. c3 Nc6 5. d4 cxd4 6. cxd4 e6 7. Nc3 Bb4 8. Bd2 Bxc3 9. Bxc3 d5 10. e5 f6 11. Bd3 fxe5 12. dxe5 Nh6 13. 0-0 0-0 14. Bd2 Nf7 15. Re1 Qe7 16. Qc2 h6 17. Rab1 g5 18. h3 Kh8 19. Nh2 Qa3 20. Bb5 Nd4 21. Qg6 a5 22. Ng4 Qxa2 23. Nf6 Qc2 24. Bd3 1-0